| 000 | 00793nam a2200265Ia 4500 | ||
|---|---|---|---|
| 003 | OSt | ||
| 005 | 20220928130938.0 | ||
| 006 | a|||||r|||| 00| 0 | ||
| 007 | ta | ||
| 008 | 220927b |||||||| |||| 00| 0 hin d | ||
| 020 | _cINR 299.00 | ||
| 024 | _a137765 | ||
| 037 |
_b111, 15/03/2018, Eastern Media _cTextual |
||
| 040 |
_aSDCL _cSDCL _bhin |
||
| 041 |
_2hin _ahin |
||
| 082 | _aO152AMI, Q7 LR | ||
| 100 |
_aAmish _9476657 |
||
| 245 | 0 |
_aSita _b Mithila ki yodha , Ram Chandra Shrankhla 2 |
|
| 260 |
_aNew Delhi _bWestland _c2017 |
||
| 300 |
_axxiii,398p. _ccm. |
||
| 650 | _aReference | ||
| 700 |
_a Gupta Urmila Tr. _9476658 |
||
| 942 |
_hO152AMI, Q7 LR _cTEXL _2CC |
||
| 999 |
_c789140 _d789140 |
||